00248nam a2200097Ia 4500008004100000082000800041100002000049245006000069942000600129999001500135240331s9999 xx 000 0 und d bPAL aPalanithurai, G 0aDynamics of Tamil Nadu politics in Sri Lankan ethnicity cL c2280d2280